|
|
|
|
| LEADER |
00000nkm a2200000 a 4500 |
| 001 |
vtls011878448 |
| 003 |
SK-MaSNL |
| 005 |
20260302022558.0 |
| 007 |
kf bo |
| 008 |
230718q1905 xo g kuslo |
| 015 |
|
|
|a SNBG
|
| 035 |
|
|
|a urn:nbn:sk:snk-km00dutg
|
| 035 |
|
|
|a urn:nbn:sk:snk-km3lt8l
|
| 035 |
|
|
|a 91F08C23-318C-4217-9BEE-200741800B47
|
| 040 |
|
|
|a SNK
|b slo
|c SNK
|e AACR2
|
| 041 |
0 |
|
|a slo
|
| 043 |
|
|
|a e-xo---
|
| 044 |
|
|
|a xo
|c SK
|
| 072 |
|
7 |
|a 913
|x Regionálna geografia
|2 konspekt
|
| 080 |
|
|
|a 913(437.6)
|2 2011
|
| 080 |
|
|
|a 711.455:615.838
|2 2011
|
| 080 |
|
|
|a 614.2:[725.1:614.21]
|2 2011
|
| 080 |
|
|
|a (084.121)
|2 2011
|
| 080 |
|
|
|a 725.1:613.47-026.912
|2 2011
|
| 110 |
2 |
|
|a Šumjáci (Štós, Slovensko)
|4 aut
|9 668252
|
| 245 |
1 |
0 |
|a Pozdrav zo Štos-kúpeľov
|h grafika
|c foto: Šumjáci, Štos-Kúpele
|
| 246 |
3 |
3 |
|a Pozdrav zo Štós-kúpeľov
|
| 260 |
|
|
|a [Slovensko?]
|b [vydavateľ neznámy]
|c [medzi 1905 a 1973?]
|
| 300 |
|
|
|a 1 pohľadnica (5 čiastkových pohľadov)
|b čiernobiela
|c 9 x 14 cm
|
| 500 |
|
|
|a Názvové údaje prevzaté z obrazovej časti pohľadnice
|
| 500 |
|
|
|a Na adresnej časti uvedené: "Agfa"
|
| 520 |
8 |
|
|a Zobrazenie: V bielom orámovaní na šedom podklade v čiernom a bielom orámovaní pohľady na liečebné domy, kúpalisko a tri deti stojace okolo balóna s nápisom "Štos kúpele". V pravom aj ľavom hornom rohu je vetvička ihličnatého stromu. Dolu medzi pohľadmi je vetvička ihličnatého stromu so šiškou
|
| 610 |
2 |
7 |
|a Kúpele Štós (Slovensko)
|2 SNKKA
|9 30946
|
| 650 |
0 |
7 |
|a kúpele
|2 SNKPH
|9 1139
|
| 650 |
0 |
7 |
|a liečebne
|2 SNKPH
|9 56920
|
| 650 |
0 |
7 |
|a kúpaliská
|2 SNKPH
|9 4394
|
| 651 |
|
7 |
|a Štós (Slovensko)
|2 SNKPHgeo
|9 29674
|
| 655 |
|
7 |
|a miestne pohľadnice
|2 SNKPH
|9 70510
|
| 852 |
|
|
|a Slovenská národná knižnica
|
| 954 |
|
|
|a pohľadnice pôvodné (slovenské)
|2 lita
|
| 958 |
|
|
|a OND
|
| 958 |
|
|
|a GBN
|
| 958 |
|
|
|a GC
|
| 958 |
|
|
|a EUIPO
|
| 999 |
|
|
|c 1033313
|d 1035243
|
| 952 |
|
|
|a SNK
|b SNK
|y PREZ
|7 0
|p 17A1246275
|o snkSP 5061
|0 0
|1 0
|4 0
|d 2019-07-23
|f 1
|l 0
|r 2026-02-24 14:00:42
|w 2026-02-24
|